000 00515nam a22001937a 4500
003 KOHA_MİRAKIL
005 20250326123225.0
008 250326b tu ||||| |||| 00| 0 tur d
020 _a9786056180170
040 _aTR-AnABB
_btur
_cTR-AnABB
041 _atur
082 _a823.914
_bBEA 2019
100 1 _aBeauman, Ned,
245 1 0 _aBoksör böcek /
_cNed Beauman
260 _aİngiliz edebiyatı, roman
300 _a242 sayfa ;
_c19 cm
650 0 4 _aİngiliz edebiyatı, roman
942 _2ddc
_cBK
999 _c8580
_d8580
900 _bGizem YORULMAZ